logo

Bir Sreshtho Munshi Abdur Rouf Library
Jhenaidah Cadet College

ইমোশনাল ইন্টেলিজেন্স ২.০ / (Record no. 12626)

MARC details
000 -LEADER
fixed length control field 01074nam a2200265 a 4500
001 - CONTROL NUMBER
JCCL Control Number 12626
003 - CONTROL NUMBER IDENTIFIER
JCCL marc code BD-JhCC
005 - DATE AND TIME OF LATEST TRANSACTION
control field 20230712095931.0
008 - FIXED-LENGTH DATA ELEMENTS--GENERAL INFORMATION
fixed length control field 221019s2021 bg |||| |||| 000 0 ban d
020 ## - INTERNATIONAL STANDARD BOOK NUMBER
International Standard Book Number 9789849511977
035 ## - SYSTEM CONTROL NUMBER
system control number (BD-JhCC)12626
040 ## - CATALOGING SOURCE
Original cataloging agency BD-JhCC
Modifying agency BD-JhCC
041 ## - LANGUAGE CODE
Language code of Book Bengali
082 ## - DEWEY DECIMAL CLASSIFICATION NUMBER
Classification number 152.4
Author mark and Year BRA 2021
100 ## - MAIN ENTRY--PERSONAL NAME
Personal name ব্রাডবেরি, ট্রাভিস
245 ## - TITLE STATEMENT
Title ইমোশনাল ইন্টেলিজেন্স ২.০ /
Statement of responsibility, etc ট্রাভিস ব্রাডবেরি ও জিন গ্রিভস; ইরফানুর রহমান রিফাত (অনু.)
260 ## - PUBLICATION, DISTRIBUTION, ETC. (IMPRINT)
Place of publication, distribution, etc ঢাকা :
Name of publisher, distributor, etc শব্দশৈলী,
Date of publication, distribution, etc ২০২১
300 ## - PHYSICAL DESCRIPTION
Pagination ১৪১ পৃ. :
Other physical details চিত্রাবলী সংযোজিত,
Dimensions ২১ সেমি.
650 ## - SUBJECT ADDED ENTRY--TOPICAL TERM
Topical term or geographic name as entry element Emotional intelligence
650 ## - SUBJECT ADDED ENTRY--TOPICAL TERM
Topical term or geographic name as entry element Personality development
650 ## - SUBJECT ADDED ENTRY--TOPICAL TERM
Topical term or geographic name as entry element Emotions--Social aspects
700 ## - ADDED ENTRY--PERSONAL NAME
Personal name গ্রিভস, জিন
700 ## - ADDED ENTRY--PERSONAL NAME
Personal name রিফাত, ইরফানুর রহমান
942 ## - ADDED ENTRY ELEMENTS (KOHA)
Source of classification or shelving scheme Dewey Decimal Classification
Koha item type Books
Holdings
Source of classification or shelving scheme Damaged status Not for loan Home library Current library Shelving location Date of accession Cost, normal purchase price Total Checkouts Full call number Barcode Date last seen Date checked out Copy number Method of acquisition Koha item type Currency
Dewey Decimal Classification     JCC Rouf Library JCC Rouf Library General Stacks 10/19/2022 216.00 4 152.4 BRA 2021 17505 11/12/2025 11/05/2025 C-1 Purchase Books BDT
Dewey Decimal Classification     JCC Rouf Library JCC Rouf Library General Stacks 06/16/2023 225.00 2 152.4 BRA 2021 17995 11/19/2025 10/26/2025 C-2 Purchase Books BDT

JCC Library | Contacts | JCC Home

Last Update on 23 September 2017
Copyright @ 2017-2020 JCC Rouf Library
Rouf Library, Jhenidah Cadet College (JCC), Bangladesh